000 00268 a2200121 4500
005 20251017170705.0
020 _a978-8119896608
100 _aWeir, Maurice D.
_91439
245 _aThomas' Calculus
250 _a15th ed
260 _bPearson Education
_c2024
942 _cBK
999 _c5523
_d5518